000 00351 a2200133 4500
040 _aDLC
_bDLC
082 _a891.4391
100 _aAysha Masood
245 _a Mohabat kitni tanha thi
_c Aysha Masood
260 _aLahore:
_bDua Publications,
_c2002.
300 _a 120 p. ;
_c24 cm.
650 _a Urdu Literature--Poetry
942 _cBK
_k891.4391 AYS
_2ddc
999 _c5200
_d5200